La Liga Crests - Sudden Death - Statistics

General Stats
  • This quiz has been taken 248 times
    123 since last reset
  • The average score is 9 of 20
Answers on the Grid
Answers color-coded by a green-red scale on the quiz's grid according to % correct below.
 
Answer Stats
Answer % Correct
63%
62%
60%
58%
55%
53%
53%
52%
47%
45%
45%
45%
43%
43%
32%
30%
28%
28%
28%
20%
No matching quizzes found
Score Distribution
Percent of People with Each Score
Percentile by Number Answered
Your Score History
You have not taken this quiz since the last reset